000 01225nam a2200289Ia 4500
001 C7488
003 IT-RoPAU
008 130308s9999 xx 000 0 und d
040 _aIT-RoPAU
040 _cIT-RoPAU
041 _aITALIANO
100 _aMagrelli Enrico
100 _gCodice Aut. SPICS: 4341
245 _aAvventura: non solo per i ragazzi
245 _bCapolavori raccontano un Secolo di Cinema (I)
250 _a1a ed.
260 _aALBA
260 _bPeriodici San Paolo
260 _c1994 [1° Ed.:1994 - Ed.Ling.Originale:1994]
300 _a"16 p. (prefazione: no ; testo: 16 [pagine: 197-212])"
500 _aC'Erano una Volta... coraggio e Allegria. Schede e Note Critiche dei Film:L'Isola del tesoro (1934) di Victor Fleming, Moby Dick la Balena bianca (1956) di John Huston, Lawrence D'Arabia (1962) di David Lean, Mary Poppins (1964) di Robert Stevenson, I Predatori dell'Arca Perduta (1981) di Steven Spielberg, la Storia Infinita (1984) di Wolfgang Petersen. Piccoli e Grandi Divi. favole firmate Disney. Strani Amici. in Inghilterra Eleganza e Vitalita'.
650 _aGENERI CINEMATOGRAFICI
650 _eCodice materia Spics: 6810
942 _cBK
957 _71
999 _c83610
_d83610
999 _g1